Statistics for Ireland Country Quiz

Click here to take the quiz!

General Stats

  • This quiz has been taken 494 times
    (491 since last reset)
  • The average score is 14 of 20

Answer Stats

Hint Answer % Correct
Orange
96%
Flag colorsGreen
96%
White
96%
Capital and biggest cityDublin
95%
Name in Irish√Čire
92%
Part of the geographical Ireland that belongs to the UKNorthern Ireland
90%
Crop whose bad harvest caused the Great Famine in 1845Potato
85%
2nd biggest cityCork
82%
Cloverleaf and national symbolShamrock
80%
Currency before the introduction of the EuroIrish Pound
79%
Celebration feast of the patron saint (17 March)St. Patrick's Day
77%
Best-selling alcoholic drink (dry stout)Guinness
65%
Mischievous fairy that stores its gold at the end of a rainbowLeprechaun
62%
Nickname that refers to the green countrysideEmerald Isle
59%
Writer of "Ulysses"James Joyce
59%
Official Year of Independence (Anglo-Irish Treaty)1921
52%
Most common surnameMurphy
33%
Actor of Lawrence of ArabiaPeter O'Toole
31%
Playwright and author of "Pygmalion"George Bernard Shaw
27%
Major ConfessionRoman Catholic
16%

Score Distribution

Percentile by Number Answered

Percent of People with Each Score

Your Score History

You have not taken this quiz since the last reset